00752nam a2200193Ia 4500001001000000003000500010008004100015010001100056040000900067100003900076245016800115260003400283300001000317502008700327650003000414650004200444650002200486710005000508Para_9585CHAP220125s2009 xx 000 0 und d a208259 cCHAP aHernández Baltazar, Ivan Antonio aEvaluación de fungicidas y de un micopatógeno para el combate de la roya del gladiolo en Zacualpan Estado de México /c por Ivan Antonio Hernández Baltazar aChapingo, Méx. :b el autor a85 h. aTesis (M.C. en Protección Vegetal) UACh. Departamento Parasitología Agrícola aFungicidas x análisis  aGladiolas x enfermedades por hongos  aRoya del gladiolo aUACh. Departamento Parasitología Agrícola